=LDR 00000nam 2200000 4500 =001 INLIS000000000032432 =005 20140417160044.0 =006 =007 =008 ind =035 ##$$0010-061300000032432 =041 ##$$a ind =082 ##$$a F Rom k =090 ##$$a F Rom K, Nur k =100 ##$$a NURFITRIA, Rizqiany =245 ##$$a Kecil-kecil punya karya, Balon-balon impian, Rizqiany Nurfitria ; Penyunting, Dadan R =260 ##$$a 2009 $b Bandung =300 ##$$a 98 hlm, illus, 20 cm =650 ##$$a Fiksi Kanak-kanak =700 ##$$a Dadan R =850 ##$$a NBPNMAT =990 ##$$a 0001/BPAP-NTB/20142015